000 00814cab a2200265 4500
001 ABS56253
008 090401t1996 xxu||||| |||| 00| 0 eng d
035 _a(Sirsi) u22278
041 _aeng
100 _aMcCloud, J.
245 _aCity review: San Francisco
260 _c1996
350 _a0
490 _aNational Real Estate Investor
_v38(11) October 1996, 128-130(3)
650 _aCALIFORNIA
650 _aINDUSTRIAL MARKET
650 _aPROPERTY-COMMERCIAL PROPERTY-OFFICE PROPERTY-OFFICE PROPERTY MARKET
650 _aPROPERTY-COMMERCIAL PROPERTY-RETAIL PROPERTY-RETAIL PROPERTY MARKET
650 _aSAN FRANCISCO
650 _aUNITED STATES
690 _aPROPERTY-COMMERCIAL PROPERTY-COMMERCIAL PROPERTY MARKET
690 _aOVERSEAS-NORTH AMERICA
942 _n0
948 _c04/03/1997
999 _c14922
_d14922